Do the alphabet ( English ) - Statistics

General Stats
  • This quiz has been taken 86 times
  • The average score is 24 of 26
Answer Stats
Answer % Correct
e
100%
g
98%
j
98%
a
95%
b
95%
c
95%
d
95%
f
95%
h
95%
k
95%
l
95%
q
95%
i
93%
o
93%
r
93%
s
93%
t
93%
m
89%
n
89%
p
89%
u
89%
w
89%
y
82%
v
80%
z
77%
x
73%
No matching quizzes found
Score Distribution
Percent of People with Each Score
Percentile by Number Answered
Your Score History
You have not taken this quiz